Tuyển tập Phong Lê
Na minha lista:
| Formato: | Livro |
|---|---|
| Idioma: | Undetermined |
| Publicado em: |
Thái Nguyên
Nxb. Đại học Thái Nguyên
2017
|
| Assuntos: | |
| Tags: |
Adicionar Tag
Sem tags, seja o primeiro a adicionar uma tag!
|
| Thư viện lưu trữ: | Trung tâm Học liệu Trường Đại học Cần Thơ |
|---|
| LEADER | 00664nam a2200181Ia 4500 | ||
|---|---|---|---|
| 001 | CTU_228456 | ||
| 008 | 210402s9999 xx 000 0 und d | ||
| 082 | |a 895.92209 | ||
| 082 | |b T527 | ||
| 245 | 0 | |a Tuyển tập Phong Lê | |
| 245 | 0 | |c Nguyễn Đức Hạnh, Lê Thị Như Nguyệt, Phạm Văn Vũ (Tuyển chọn và biên soạn) | |
| 260 | |a Thái Nguyên | ||
| 260 | |b Nxb. Đại học Thái Nguyên | ||
| 260 | |c 2017 | ||
| 650 | |a Văn học Việt Nam,Vietnamese literature | ||
| 650 | |x Lịch sử và phê bình,History and criticism | ||
| 910 | |b nthai | ||
| 980 | |a Trung tâm Học liệu Trường Đại học Cần Thơ | ||